Rozwiń skróty polskich uniwersytetów - Statystyki

Ogólne statystyki
  • Ten quiz został rozwiązany 722 razy
  • Średni wynik to 6 z 10
Statystyki odpowiedzi
Skrót Miasto Uniwersytet % Poprawnych
UJ Kraków Uniwersytet Jagielloński
99%
Łódź Uniwersytet Łódzki
93%
Katowice Uniwersytet Śląski
91%
UMK Toruń Uniwersytet Mikołaja Kopernika
79%
UAM Poznań Uniwersytet Adama Mickiewicza
73%
UWM Olsztyn Uniwersytet Warmińsko-Mazurski
67%
UMCS Lublin Uniwersytet Marii Curie-Skłodowskiej
46%
UKSW Warszawa Uniwersytet Kardynała Stefana Wyszyńskiego
39%
UJK Kielce Uniwersytet Jana Kochanowskiego
32%
UKW Bydgoszcz Uniwersytet Kazimierza Wielkiego
27%
Nie znaleziono quizów pasujących do podanych kryteriów
Rozkład punktacji
Procent ludzi z każdym wynikiem
Percentyl według liczby udzielonych odpowiedzi
Twoja historia wyników
Nie rozwiązałeś tego quizu